| 000 | 00439nam a2200169Ia 4500 | ||
|---|---|---|---|
| 005 | 20250326123505.0 | ||
| 008 | 250326s9999 xx 000 0 und d | ||
| 037 | _aTextbook | ||
| 040 |
_aFMSL _beng _cFMSL |
||
| 041 |
_aeng _2eng |
||
| 084 |
_aX(P) P6 _qFMSL |
||
| 100 | _aSen A | ||
| 245 | 0 |
_aIdentity and violence _cSen A |
|
| 260 |
_aEngland _bEngland, Penguin _c2006 |
||
| 942 |
_cTB _hX(P) P6 |
||
| 999 |
_c1269579 _d1269579 |
||